|
|
|
|
| LEADER |
01025nab#a2200325#ar4500 |
| 001 |
000077513 |
| 003 |
SVKKK |
| 005 |
19970128xxxxxxx. |
| 008 |
06 c xo huno |
| FMT |
|
|
|
| 038 |
|
|
|a SVKKK
|
| 040 |
|
|
|a SVKKK
|b slo
|e AACR2
|
| 041 |
0 |
|
|a hun
|
| 044 |
|
|
|a xo
|c SK
|
| 080 |
|
|
|a 282(Abov):23/28
|
| 080 |
|
|
|a 282(Abov):257(prem)
|
| 242 |
1 |
0 |
|a Cirkev a spoločnosť
|
| 245 |
0 |
0 |
|a Az egyház és a társadalom
|
| 500 |
|
|
|a [Ex/Bo 73]
|
| 520 |
2 |
|
|a V telocvični hlavného gymnázia v Košiciach mal jasovský prepošt-prelát Melichar (Menyhért) Takács prednášku pod názvom Cirkev a spoločnosť.
|
| 650 |
0 |
4 |
|a Cirkev a spoločnosť (prednáška) - Takács, Melichar (prepošt-prelát, 1861-1933) - Katolícke gymnázium premonštrátov, Košice - správy
|
| 773 |
0 |
|
|t Kasssai Ujság : Politikai napilap
|g Roč. 2, č. 10 (13.01.1911) s. 2
|
| 957 |
|
|
|a Košice
|
| 958 |
|
|
|a CI
|
| 958 |
|
|
|a DG
|
| 958 |
|
|
|a SK
|
| 974 |
|
|
|a ebl
|d 19970128
|
| 992 |
|
|
|a RBX
|
| BAS |
|
|
|
| 998 |
|
|
|a RETRO
|